The theory and nature of independent learning / (Record no. 223035)
[ view plain ]
| 000 -LEADER | |
|---|---|
| fixed length control field | 00830cam a22002291 4500 |
| 001 - CONTROL NUMBER | |
| control field | 000566447 |
| 003 - CONTROL NUMBER IDENTIFIER | |
| control field | AM-YeHGA |
| 005 - DATE AND TIME OF LATEST TRANSACTION | |
| control field | 20250617140616.0 |
| 008 - FIXED-LENGTH DATA ELEMENTS--GENERAL INFORMATION | |
| fixed length control field | 711005s1967 paua b 100 0 eng d |
| 040 ## - CATALOGING SOURCE | |
| Original cataloging agency | AM-YeHGA |
| 041 0# - LANGUAGE CODE | |
| Language code of text/sound track or separate title | eng |
| 090 ## - LOCALLY ASSIGNED LC-TYPE CALL NUMBER (OCLC); LOCAL CALL NUMBER (RLIN) | |
| -- | 224570 |
| 111 2# - MAIN ENTRY--MEETING NAME | |
| Meeting name or jurisdiction name as entry element | Conference on the Theory and Nature of Independent Learning |
| Date of meeting or treaty signing | (1965 : |
| Location of meeting | University of Wisconsin, Milwaukee) |
| 245 14 - TITLE STATEMENT | |
| Title | The theory and nature of independent learning / |
| Statement of responsibility, etc. | Editor : Gerald T. Gleason. |
| 260 ## - PUBLICATION, DISTRIBUTION, ETC. | |
| Place of publication, distribution, etc. | Scranton, Pa. : |
| Name of publisher, distributor, etc. | International Textbook Co., |
| Date of publication, distribution, etc. | [1967]. |
| 300 ## - PHYSICAL DESCRIPTION | |
| Extent | ix, 101 p. : |
| Other physical details | ill. ; |
| Dimensions | 23 cm. |
| 504 ## - BIBLIOGRAPHY, ETC. NOTE | |
| Bibliography, etc. note | Includes bibliogr. references |
| 650 #0 - SUBJECT ADDED ENTRY--TOPICAL TERM | |
| Topical term or geographic name entry element | Motivation in education |
| General subdivision | Congresses |
| 650 #0 - SUBJECT ADDED ENTRY--TOPICAL TERM | |
| Topical term or geographic name entry element | Independent study |
| General subdivision | Congresses |
| 700 1# - ADDED ENTRY--PERSONAL NAME | |
| Personal name | Gleason, Gerald Thomas, |
| Dates associated with a name | 1927- |
| Relationship | edt. |
| 710 2# - ADDED ENTRY--CORPORATE NAME | |
| Corporate name or jurisdiction name as entry element | University of Wisconsin - Milwaukee. |
| Withdrawn status | Lost status | Source of classification or shelving scheme | Damaged status | Not for loan | Collection | Home library | Current library | Date acquired | Cost, normal purchase price | Total checkouts | Full call number | Barcode | Date last seen | Price effective from | Koha item type | Public note |
|---|---|---|---|---|---|---|---|---|---|---|---|---|---|---|---|---|
| Universal Decimal Classification | Pambookian Individual Collection | Fundamental Scientific Library | Fundamental Scientific Library | 28/12/2016 | 3.00 | Pamb/382 | FL0029710 | 28/12/2016 | 28/12/2016 | Գրքեր / Books | ILL Non-Circ. |
ՀՀ Գիտությունների ազգային ակադեմիայի հիմնարար գիտական գրադարան = Fundamental Scientific Library of NAS RA
All site content, except where otherwise noted, is licensed under a